Представление документа в формате RUSMARC

ПолеНазваниеЗначение
  Тип записи a
  Библиографический уровень a
001 Контрольный номер RU/CBS_UL/BASE/6687781b0e404650b09b893ba591907a
005 Дата корректировки 20260127084252.3
100 Данные общей обработки __
a Данные общей обработки 20251203 ||| 0rusy0189 ca
101 Язык документа 0_
a Язык текста rus
102 Страна публикации __
a Страна публикации RU
200 Заглавие и сведения об ответственности 1_
a Заглавие Медведко
e Сведения, относящиеся к заглавию [рассказ в сокращении]
f Первые сведения об ответственности Д. Н. Мамин-Сибиряк
300 Общие примечания __
a Общие примечания 6+
461 Уровень набора _0
1 2000
a Детское чтение для сердца и разума
463 Уровень физической единицы _0
1 2000
a № 11
v С. 8-15
1 2101
d 2025
1 001RU/CBS_UL/BASE/5ef0d123d12b4533bdc7c5e77d2cde68
606 Тематические рубрики 0_
a Основная рубрика Российская детская литература, 19-20 вв.
610 Ключевые слова 0_
a Ключевые слова российская детская литература
610 Ключевые слова 0_
a Ключевые слова детская литература
610 Ключевые слова 0_
a Ключевые слова детская проза
610 Ключевые слова 0_
a Ключевые слова рассказы
610 Ключевые слова 0_
a Ключевые слова проза
686 Индексы других классификаций __
a Классификационный индекс 84(2Рос=Рус)6
700 Автор _1
a Фамилия Мамин-Сибиряк
b Имя (инициалы) Д. Н.
801 Источник записи _0
a Страна RU
b Организация МБУК ЦБС г. Ульяновска
c Дата составления 20251203
g Правила каталогизации RCR
801 Источник записи _1
a Страна RU
b Организация МБУК ЦБС г. Ульяновска
c Дата составления 20251203
g Правила каталогизации RCR
901 Тип документа __
t Тип документа b
w Контрольный № источника RU/CBS_UL/BASE/5ef0d123d12b4533bdc7c5e77d2cde68
909 Создатель записи __
a Создатель записи mbo